Sitges i el Cau Ferrat : 'Rusiñol encara hi sopa' / 'Rusiñol encara hi sopa' /

per Udina, Ernest

Publicat: Barcelona : Diputació de Barcelona , 1982
Descripció física: 6 pàgs. ; il. col. ; 29 cm.
Col·lecció: Arrel : revista editada per la Diputació de Barcelona ; Núm. 2 (gener-abril, 1982) ; pàgs. 92-97
Altres autors: Monés, Pere

MARC

LEADER 00000nab a2200000 a 4500
001 8160
003 Arxiu
005 20260324195724.0
008 160829s9999 xx 000 0 cat d
100 |a Udina, Ernest  |9 40847 
245 |a Sitges i el Cau Ferrat :   |b 'Rusiñol encara hi sopa' /   |c per Ernest Udina i Pere Monés (fotos) 
260 |a Barcelona :   |b Diputació de Barcelona ;   |c 1982 
300 |a 6 pàgs. ;   |b il. col. ;   |c 29 cm. 
490 |a Arrel : revista editada per la Diputació de Barcelona ;   |v Núm. 2 (gener-abril, 1982) ; pàgs. 92-97  |x 0211-562X 
650 |a Rusiñol, Santiago   |9 40410 
650 |a Cau Ferrat (Museu)   |9 40554 
650 |a Maricel (Museu) I  |9 40234 
650 0 |a Sitges  |x Museus  |9 40663 
700 |a Monés, Pere  |e fotografies  |9 40875 
856 4 |u https://media.diba.cat/diba/fitxers/arxiu/hemeroteca/arrel/8160/bib_8160_1981_1984_n02_a14_baixa.pdf  |y Accés lliure 
856 4 |u https://media.diba.cat/diba/fitxers/arxiu/hemeroteca/arrel/8160/bib_8160_1981_1984_n02_a14_baixa.pdf  |y bib_8160_1981_1984_n02_a14_baixa.pdf 
900 |a bib_8160_1981_1984_n02_a14_baixa.pdf 
901 |a Arxiu 
942 |n 1  |2 udc  |c Articles de revista 
952 |0 0  |1 0  |2 udc  |4 0  |6 REV93  |7 1  |9 50986  |a Arxiu  |b Arxiu  |d 2016-12-01  |o Rev-93  |r 2016-12-01 00:00:00  |w 2016-12-01  |y ARXIU 
999 |c 54829  |d 54829